The princess of the moor (Record no. 158788)

MARC details
000 -LEADER
campo de control de longitud fija 00612nam a22001935i 4500
001 - NÚMERO DE CONTROL
campo de control 158788
003 - IDENTIFICADOR DE NÚMERO DE CONTROL
campo de control ES-MaACL
005 - FECHA Y HORA DE LA ÚLTIMA TRANSACCIÓN
campo de control 20230906211322.0
008 - DATOS DE LONGITUD FIJA--INFORMACIÓN GENERAL
campo de control de longitud fija 040906s1872 gw |||| | eng d
040 ## - FUENTE DE CATALOGACIÓN
Centro catalogador/agencia de origen CAM
Lengua de catalogación spa
Centro/agencia transcriptor CAM
100 ## - ENTRADA PRINCIPAL--NOMBRE DE PERSONA
Nombre de persona Marlitt, E.
9 (RLIN) 129515
245 14 - MENCIÓN DEL TÍTULO
Título The princess of the moor
Resto del título : (das haideprinzesschen) /
Mención de responsabilidad, etc. by E. Marlitt.
260 ## - PUBLICACIÓN, DISTRIBUCIÓN, ETC.
Lugar de publicación, distribución, etc. Leipzig :
Nombre del editor, distribuidor, etc. Bernhard Tauchnitz,
Fecha de publicación, distribución, etc. 1872.
300 ## - DESCRIPCIÓN FÍSICA
Extensión 307 p. ;
Dimensiones 16 cm.
490 1# - MENCIÓN DE SERIE
Mención de serie Collection of German Authors ;
Designación de volumen o secuencia 23
830 0# - PUNTO DE ACCESO ADICIONAL DE SERIE-TÍTULO UNIFORME
Título uniforme Collection of German Authors ;
Designación de volumen o secuencia 23
9 (RLIN) 187880
852 ## - LOCALIZACIÓN
Ubicación ES-MaACL
Número de control de estantería G-11826
Nota libre -- Enc. hol.
Holdings
Estatus retirado Estado de pérdida Estado de daño No para préstamo Colección Biblioteca de origen Biblioteca actual Ubicación en estantería Fecha de adquisición Fuente de adquisición Total de préstamos Signatura topográfica completa Código de barras Visto por última vez Precio de reemplazo Tipo de ítem Koha
        Libros del s. XIX Biblioteca del Ateneo de Madrid Biblioteca del Ateneo de Madrid Sala Pecera Planta 3 17/01/2008     G-11826 1166200 23/02/2023 23/02/2023 Libro impreso antiguo